• 首页
  • 本馆介绍
  • 公告通知
  • 最新文献
  • 馆藏检索
  • 电子资源
  • 读者导购
  • 参考咨询
  • 我的图书馆
  • 登录
  • 详细信息显示
  • 放入我的书架
  • 预约/预借图书
  • 作者相关作品
  • 分类相关作品
  • 丛书相关作品
  • 出版社相关作品

书目信息

  • 表格格式
  • 工作单格式
  • 卡片格式
题名:
西夏简史
    
 
作者: 陈海波 著
分册:  
出版信息: 北京   民主与建设出版社  2016
页数: 229页
开本: 23cm
丛书名:
单 册:
中图分类: K246.307
科图分类:
主题词: 古代史--研究--中国--西夏
电子资源:
ISBN: 978-7-5139-1119-1
000 01301nam0 2200265 450
001 012001005156
005 20141007172946.0
010    @a978-7-5139-1119-1@dCNY39.80
100    @a20160923d2016 em y0chiy50 ea
101 0  @achi
102    @aCN@b110000
105    @aab z 000yy
106    @ar
200 1  @a西夏简史@9xi xia jian shi@f陈海波著
210    @a北京@c民主与建设出版社@d2016
215    @a229页@c图, 地图@d23cm
312    @a封面英文题名:A brief history of Xixia
314    @a陈海波,男,汉族,山东菏泽人,毕业于山东大学,兴趣广泛,酷爱历史。曾在腾讯文学连载发表长达一百六十万余字的小说《混在北宋末年》。
330    @a西夏,一个承载诸多未解之谜的神秘草原帝国,它的存在,让中原边境的人民唯恐避之不及,它虽然算不上是个血染的民族,但其勇猛好战的特性也足够将西夏历史谱写得跌宕起伏,风起云涌。对于西夏来说,广阔的草原见证了它的成长,也包容了它为获取强大而发起的种种杀戮行为。但是,西夏的崛起与发展也一路伴随着矛盾。它虽然拥有刚硬的金戈铁马,称霸其他多部,并迫使宋朝送公主与其和亲,不断索要厚礼。只是,它虽然显赫一时,但愈加腐败的内政最终将它推向了衰落、灭亡的深渊。
510 1  @aBrief history of Xixia@zeng
606 0  @a古代史@x研究@y中国@z西夏
690    @aK246.307@v5
701  0 @a陈海波@9chen hai bo@4著
801  0 @aCN@b上海新华@c20180901
905    @b1172903-7@dK246.307@e30@f5
    
    西夏简史/陈海波著.-北京:民主与建设出版社,2016
    229页:图, 地图;23cm
    
    
    ISBN 978-7-5139-1119-1:CNY39.80
    西夏,一个承载诸多未解之谜的神秘草原帝国,它的存在,让中原边境的人民唯恐避之不及,它虽然算不上是个血染的民族,但其勇猛好战的特性也足够将西夏历史谱写得跌宕起伏,风起云涌。对于西夏来说,广阔的草原见证了它的成长,也包容了它为获取强大而发起的种种杀戮行为。但是,西夏的崛起与发展也一路伴随着矛盾。它虽然拥有刚硬的金戈铁马,称霸其他多部,并迫使宋朝送公主与其和亲,不断索要厚礼。只是,它虽然显赫一时,但愈加腐败的内政最终将它推向了衰落、灭亡的深渊。
●
相关链接 在E读中查询图书 在五车中查询图书 在当当中查询图书 在豆瓣中查询图书


正题名:西夏简史     索取号:K246.307/30         预约/预借

序号 登录号 条形码 馆藏地/架位号 状态 备注
1 1172903   211729030   第二样本阅览室/ [索取号:K246.307/30] 在馆    
2 1172904   211729049   密集书库-史法系/ [索取号:K246.307/30] 在馆    
3 1172905   211729058   第二借阅区/ [索取号:K246.307/30] 在馆    
4 1172906   211729067   第二借阅区/ [索取号:K246.307/30] 在馆    
5 1172907   211729076   第二借阅区/ [索取号:K246.307/30] 在馆    
唐山师范学院图书馆 欢迎您!
大连网信软件有限公司© 版权所有